[Event "77. ljubljanska liga 2025"]
[Site "Gostovanja"]
[Date "2025.04.03"]
[Round "9.1"]
[White "Zidar, Jernej"]
[Black "Justin, Matjaz"]
[Result "0-1"]
[WhiteElo "2091"]
[BlackElo "2212"]
[PlyCount "100"]
[EventDate "2025.01.16"]
[WhiteTeam "SK KOMENDA POPOTNIK"]
[BlackTeam "SD VRHNIKA"]

1. d4 Nf6 2. c4 e6 3. g3 c5 4. Nf3 a6 5. Bg2 cxd4 6. Nxd4 Ra7 7. O-O b6 8. e4
d6 9. Nc3 Rc7 10. Qe2 Bb7 11. Rd1 Qc8 12. Na4 Nbd7 13. b3 Qa8 14. Re1 Be7 15.
Bb2 O-O 16. f4 g6 17. Rad1 e5 18. Nc2 exf4 19. gxf4 b5 20. Nc3 bxc4 21. bxc4
Rfc8 22. e5 dxe5 23. fxe5 Bc5+ 24. Nd4 Re8 25. Nd5 Nxd5 26. cxd5 Bxd5 27. Qd2
Rxe5 28. Kh1 Bb4 29. Rxe5 Nxe5 30. Qxb4 Bxg2+ 31. Kg1 Bh3 32. Qd2 Nc4 33. Qc2
Nxb2 34. Qxb2 Rd7 35. Rd3 Qd8 36. Qc3 Qf6 37. Nf3 Qb6+ 38. Rd4 Qb1+ 39. Kf2
Qxa2+ 40. Nd2 Rxd4 41. Qxd4 h6 42. Kg3 Bf5 43. h4 Qa3+ 44. Kf4 a5 45. h5 Qd3
46. Qb2 Qd6+ 47. Kf3 Qb4 48. Qc1 Qg4+ 49. Ke3 Qxh5 50. Qc7 Qg5+ 0-1

[Event "77. ljubljanska liga 2025"]
[Site "Gostovanja"]
[Date "2025.04.03"]
[Round "9.1"]
[White "Siraj, Svit"]
[Black "Juhant, Igor"]
[Result "1-0"]
[WhiteElo "2144"]
[BlackElo "1970"]
[PlyCount "21"]
[EventDate "2025.01.16"]
[WhiteTeam "SD VRHNIKA"]
[BlackTeam "SK KOMENDA POPOTNIK"]

1. e4 c6 2. d4 d5 3. f3 dxe4 4. fxe4 e5 5. Nf3 exd4 6. Bc4 Nd7 7. O-O Ngf6 8.
c3 Nb6 9. Bxf7+ Kxf7 10. e5 Bf5 11. Ng5+ 1-0

[Event "77. ljubljanska liga 2025"]
[Site "Gostovanja"]
[Date "2025.04.03"]
[Round "9.2"]
[White "Novakovic, Julian"]
[Black "Furlan, Miha"]
[Result "0-1"]
[WhiteElo "1939"]
[BlackElo "2183"]
[PlyCount "82"]
[EventDate "2025.01.16"]
[WhiteTeam "ZELENCI LPP"]
[BlackTeam "SK TREBNJE BMP"]

1. Nf3 d5 2. c4 c6 3. d4 Nf6 4. Nc3 e6 5. e3 Nbd7 6. Qc2 Bd6 7. g4 h6 8. Rg1 e5
9. h4 exd4 10. exd4 dxc4 11. Bxc4 Nb6 12. Bb3 Qe7+ 13. Be3 Bxg4 14. Nd2 h5 15.
Nde4 Nxe4 16. Qxe4 Qxe4 17. Nxe4 Bb4+ 18. Kf1 Be7 19. Kg2 Nd5 20. Bg5 Bxg5 21.
Nxg5 f6 22. Ne4 Nf4+ 23. Kh2 O-O-O 24. f3 Rxd4 25. fxg4 Rxe4 26. Rae1 Rxe1 27.
Rxe1 hxg4 28. Kg3 Ng6 29. Be6+ Kc7 30. Rh1 Ne5 31. Bxg4 Rd8 32. Be6 Rd6 33. Bg8
Rd4 34. h5 Kd6 35. Kf2 f5 36. Rg1 Ng4+ 37. Kf3 Re4 38. Rd1+ Ke7 39. Bh7 Ne5+
40. Kg3 Rg4+ 41. Kh3 Rg5 0-1

[Event "77. ljubljanska liga 2025"]
[Site "Gostovanja"]
[Date "2025.04.03"]
[Round "9.2"]
[White "Marinsek, Tomaz"]
[Black "Ribicic, Marko"]
[Result "1-0"]
[WhiteElo "2106"]
[BlackElo "1835"]
[PlyCount "71"]
[EventDate "2025.01.16"]
[WhiteTeam "SK TREBNJE BMP"]
[BlackTeam "ZELENCI LPP"]

1. e4 e5 2. Nf3 Nc6 3. Bb5 a6 4. Ba4 Nf6 5. d4 exd4 6. e5 Ne4 7. O-O Be7 8.
Nxd4 O-O 9. Re1 Nc5 10. Bxc6 dxc6 11. Be3 Ne6 12. Nf5 Bg5 13. Nc3 Bxe3 14. Rxe3
Nc5 15. Ng3 Qxd1+ 16. Rxd1 Be6 17. f4 Rad8 18. Rxd8 Rxd8 19. b4 Nd7 20. Rd3 Re8
21. Rd4 Nb6 22. a4 g6 23. Nge4 Kg7 24. Nf6 Rc8 25. g4 h6 26. h3 Nd5 27. Ncxd5
cxd5 28. b5 c5 29. bxc6 bxc6 30. Rb4 c5 31. Rb6 c4 32. Rd6 a5 33. Kf2 Kf8 34.
Ke3 Ke7 35. Nxd5+ Bxd5 36. Rxd5 1-0

[Event "77. ljubljanska liga 2025"]
[Site "Gostovanja"]
[Date "2025.04.03"]
[Round "9.2"]
[White "Novakovic, Gosto"]
[Black "Dimnik, Miha"]
[Result "0-1"]
[WhiteElo "1819"]
[BlackElo "1891"]
[PlyCount "70"]
[EventDate "2025.01.16"]
[WhiteTeam "ZELENCI LPP"]
[BlackTeam "SK TREBNJE BMP"]

1. e4 e5 2. f4 exf4 3. Nf3 Nf6 4. e5 Nh5 5. Bc4 d5 6. exd6 Bxd6 7. O-O O-O 8.
d4 Bg4 9. Nc3 Re8 10. Nb5 Nc6 11. Nxd6 cxd6 12. c3 d5 13. Bd3 Qf6 14. Qc2 g6
15. Bd2 Rac8 16. Qb3 Qd6 17. Bb5 Bxf3 18. Rxf3 Re6 19. Raf1 Rf6 20. Bd3 b6 21.
Qd1 Kg7 22. Rh3 Rg8 23. Rxh5 gxh5 24. Qxh5 Kf8 25. Qf3 Ne7 26. Bxf4 Qe6 27. Qd1
Qg4 28. Qxg4 Rxg4 29. g3 h5 30. Be2 Rg8 31. Bxh5 b5 32. g4 Ke8 33. g5 Rxf4 34.
Rxf4 Rxg5+ 35. Bg4 f5 0-1

[Event "77. ljubljanska liga 2025"]
[Site "Gostovanja"]
[Date "2025.04.03"]
[Round "9.2"]
[White "Danicic, Anze"]
[Black "Levacic, Matic"]
[Result "0-1"]
[WhiteElo "1847"]
[BlackElo "1666"]
[PlyCount "64"]
[EventDate "2025.01.16"]
[WhiteTeam "SK TREBNJE BMP"]
[BlackTeam "ZELENCI LPP"]

1. e4 e6 2. d4 d5 3. exd5 exd5 4. Bd3 Nf6 5. Ne2 Bd6 6. c3 O-O 7. Bg5 a5 8. Qc2
h6 9. Bh4 Re8 10. f3 c5 11. O-O c4 12. Re1 cxd3 13. Qxd3 Bxh2+ 14. Kf1 Bd6 15.
Na3 Bxa3 16. bxa3 b6 17. Rab1 Ba6 18. Qf5 Nbd7 19. Rb2 Qc7 20. Kg1 Bxe2 21.
Rexe2 Qxc3 22. Red2 Rac8 23. Kh2 g6 24. Qb1 Nh5 25. Bg3 Nxg3 26. Kxg3 Qc7+ 27.
Kh3 Nf6 28. g3 Re3 29. Qh1 Ne4 30. Rg2 Ng5+ 31. Kg4 Qd7+ 32. Kf4 Rxf3+ 0-1

[Event "77. ljubljanska liga 2025"]
[Site "Gostovanja"]
[Date "2025.04.03"]
[Round "9.3"]
[White "Olenik Campa, Rudi"]
[Black "Markosek, Bine"]
[Result "1-0"]
[WhiteElo "2290"]
[BlackElo "2070"]
[PlyCount "77"]
[EventDate "2025.01.16"]
[WhiteTeam "SK LJUBLJANA - TAJFUN"]
[BlackTeam "SD DOMZALE"]

1. e4 e5 2. Nf3 Nc6 3. d4 exd4 4. Nxd4 Nf6 5. Nxc6 bxc6 6. Nd2 d6 7. Bd3 Be7 8.
O-O O-O 9. h3 d5 10. b3 dxe4 11. Nxe4 Nxe4 12. Bxe4 Bf6 13. Ba3 Bxa1 14. Bxf8
Qxf8 15. Qxa1 Qc5 16. Rd1 Bb7 17. Qd4 Qe7 18. Bf3 g6 19. Qd7 Qe5 20. Qd4 Qe7
21. Kf1 Re8 22. Qxa7 Qb4 23. a4 h5 24. Kg1 h4 25. Qd4 Qe7 26. Qd7 Qe5 27. b4
Bc8 28. Qxc6 Bf5 29. a5 Re6 30. Qc4 Rf6 31. Qxh4 Rd6 32. Rxd6 Qe1+ 33. Kh2 cxd6
34. Qd8+ Kh7 35. Qxd6 Qxf2 36. a6 g5 37. Qc5 Qxc2 38. Qxc2 Bxc2 39. a7 1-0

[Event "77. ljubljanska liga 2025"]
[Site "Gostovanja"]
[Date "2025.04.03"]
[Round "9.3"]
[White "Groselj, Petra"]
[Black "Srebrnic, Vojko"]
[Result "0-1"]
[WhiteElo "1944"]
[BlackElo "2072"]
[PlyCount "72"]
[EventDate "2025.01.16"]
[WhiteTeam "SD DOMZALE"]
[BlackTeam "SK LJUBLJANA - TAJFUN"]

1. e4 c5 2. Nf3 Nc6 3. d4 cxd4 4. Nxd4 g6 5. c4 Nf6 6. Nc3 d6 7. Be2 Nxd4 8.
Qxd4 Bg7 9. Be3 O-O 10. Qd2 a5 11. O-O a4 12. a3 Qa5 13. f3 Be6 14. Bd3 Nd7 15.
Bh6 Bxh6 16. Qxh6 Qc5+ 17. Rf2 Ne5 18. Bc2 Qxc4 19. Qe3 b5 20. h3 Qc6 21. f4
Nc4 22. Qd4 f6 23. Re1 Rac8 24. Nd5 Rf7 25. Nb4 Qc5 26. Qc3 Rg7 27. Nd3 Qb6 28.
Bd1 Ne5 29. Qd2 Nxd3 30. Qxd3 Bc4 31. Qg3 g5 32. f5 Qd4 33. Kh1 Kh8 34. Bg4
Rgg8 35. h4 gxh4 36. Qxh4 Rxg4 0-1

[Event "77. ljubljanska liga 2025"]
[Site "Gostovanja"]
[Date "2025.04.03"]
[Round "9.3"]
[White "Markus, David"]
[Black "Skube, Zan"]
[Result "0-1"]
[WhiteElo "1832"]
[BlackElo "1877"]
[PlyCount "176"]
[EventDate "2025.01.16"]
[WhiteTeam "SK LJUBLJANA - TAJFUN"]
[BlackTeam "SD DOMZALE"]

1. e4 c6 2. d4 d5 3. Nc3 dxe4 4. Nxe4 Bf5 5. Ng3 Bg6 6. Nf3 Nd7 7. Bd3 e6 8.
O-O Ngf6 9. c4 Bd6 10. b3 O-O 11. Bxg6 hxg6 12. Bb2 Qc7 13. Re1 Rfd8 14. Qe2 a5
15. a3 b5 16. Rac1 bxc4 17. Qxc4 Rdc8 18. Ne5 Bxe5 19. dxe5 Nd5 20. Ne4 Rcb8
21. Ng5 Qb7 22. Qh4 Nf8 23. Bd4 Ne7 24. Rc3 Nf5 25. Qe4 Qe7 26. Nf3 Qxa3 27.
Qxc6 Qb4 28. Qc5 Qxc5 29. Bxc5 Nd7 30. Bd6 Nxd6 31. exd6 Rb6 32. Rd1 e5 33. h4
f6 34. Rc7 Rd8 35. Ra7 Rxb3 36. Rxa5 Kf7 37. Ra6 Ke6 38. Kh2 Rb6 39. Rxb6 Nxb6
40. Rb1 Rxd6 41. g3 Nd5 42. Rb7 Rd7 43. Rb3 Ne7 44. Kg2 Rd1 45. Rb5 e4 46. Ng1
Rd5 47. Rb8 Rd2 48. Nh3 e3 49. Kf3 exf2 50. Nxf2 Nf5 51. Re8+ Kf7 52. Ra8 Rb2
53. Ra3 Ke6 54. Rd3 Nd6 55. Ne4 Nf5 56. Nf2 Ke5 57. Ng4+ Ke6 58. Nf2 Rb4 59.
Nd1 Rd4 60. Rxd4 Nxd4+ 61. Ke3 Ke5 62. Nf2 Nc6 63. Nd3+ Kf5 64. Nf2 Ne5 65. Ke2
g5 66. hxg5 Kxg5 67. Ne4+ Kg4 68. Kf2 Nf7 69. Kg2 Ng5 70. Nf2+ Kf5 71. Nd3 Ke4
72. Nf2+ Ke3 73. Nd1+ Ke4 74. Nf2+ Kf5 75. Nd3 g6 76. Nf2 Ne4 77. Nd1 Ng5 78.
Ne3+ Ke4 79. Ng4 f5 80. Nf2+ Ke3 81. Nd1+ Kd2 82. Nf2 Ke2 83. Nh1 Ne4 84. Kg1
Kf3 85. Kh2 Nf2 86. Nxf2 Kxf2 87. Kh3 g5 88. Kh2 g4 0-1

[Event "77. ljubljanska liga 2025"]
[Site "Gostovanja"]
[Date "2025.04.03"]
[Round "9.3"]
[White "Cesnik, Sebastjan"]
[Black "Samotorcan, Gal"]
[Result "1-0"]
[WhiteElo "1682"]
[BlackElo "1717"]
[PlyCount "57"]
[EventDate "2025.01.16"]
[WhiteTeam "SD DOMZALE"]
[BlackTeam "SK LJUBLJANA - TAJFUN"]

1. e4 e5 2. Nf3 Nc6 3. Bb5 a6 4. Ba4 Nf6 5. d3 b5 6. Bb3 Be7 7. c3 O-O 8. O-O
d6 9. Nbd2 Na5 10. Bc2 Bg4 11. Re1 c5 12. Nf1 Qc7 13. Ng3 d5 14. h3 dxe4 15.
hxg4 exf3 16. Qxf3 Rad8 17. Nf5 Rfe8 18. Qh3 Bf8 19. g5 Nd5 20. d4 g6 21. Nh6+
Bxh6 22. gxh6 exd4 23. Bg5 f6 24. Bh4 Nf4 25. Qf3 g5 26. Bg3 Rxe1+ 27. Rxe1 Nc4
28. Bxf4 Qxf4 29. Qb7 1-0

[Event "77. ljubljanska liga 2025"]
[Site "Gostovanja"]
[Date "2025.04.03"]
[Round "9.4"]
[White "Markoja Jeraj, Sebastijan"]
[Black "Lah, Emil"]
[Result "0-1"]
[WhiteElo "2232"]
[BlackElo "1954"]
[PlyCount "66"]
[EventDate "2025.01.16"]
[WhiteTeam "SK DOL PRI LJUBLJANI"]
[BlackTeam "SK TRZIN BUSCOTRADE"]

1. e4 c5 2. Nf3 d6 3. d4 cxd4 4. Nxd4 Nf6 5. Nc3 a6 6. Bg5 e6 7. f4 Be7 8. Qf3
Qc7 9. O-O-O Nbd7 10. Bd3 Nc5 11. Rhe1 Nxd3+ 12. Rxd3 h6 13. Bh4 g5 14. fxg5
Nd7 15. Qh5 Ne5 16. Rg3 Ng6 17. gxh6 Bxh4 18. Rxg6 Bxe1 19. Nxe6 Bxe6 20. Rxe6+
Kf8 21. Nd5 Qa5 22. Rf6 Qd2+ 23. Kb1 Rh7 24. a3 Rc8 25. c3 Qd3+ 26. Ka1 Qxe4
27. Rf4 Qe6 28. Nf6 Rh8 29. Qg5 Bxc3 30. bxc3 Qe1+ 31. Ka2 Qd2+ 32. Kb1 Qd3+
33. Ka2 Qc2+ 0-1

[Event "77. ljubljanska liga 2025"]
[Site "Gostovanja"]
[Date "2025.04.03"]
[Round "9.4"]
[White "Krupenko, Peter"]
[Black "Kampus, Andrej"]
[Result "1/2-1/2"]
[WhiteElo "1978"]
[BlackElo "2063"]
[PlyCount "57"]
[EventDate "2025.01.16"]
[WhiteTeam "SK TRZIN BUSCOTRADE"]
[BlackTeam "SK DOL PRI LJUBLJANI"]

1. c4 e5 2. g3 Nc6 3. Bg2 Bc5 4. Nc3 a6 5. Nf3 d6 6. a3 Nf6 7. b4 Ba7 8. O-O
O-O 9. d3 h6 10. Bb2 Bg4 11. h3 Be6 12. Rc1 Qd7 13. Kh2 Ne7 14. d4 exd4 15.
Nxd4 Bxc4 16. Bxb7 Rab8 17. Bg2 d5 18. Ba1 Rfe8 19. Re1 Nf5 20. Nxf5 Qxf5 21.
e4 dxe4 22. Nxe4 Nxe4 23. Rxc4 Nxf2 24. Rxe8+ Rxe8 25. Qf1 Qh5 26. Rxc7 Ng4+
27. Kh1 Nf2+ 28. Kh2 Ng4+ 29. Kh1 1/2-1/2

[Event "77. ljubljanska liga 2025"]
[Site "Gostovanja"]
[Date "2025.04.03"]
[Round "9.4"]
[White "Azinovic, Igor"]
[Black "Krumpak, Hinko"]
[Result "0-1"]
[WhiteElo "1810"]
[BlackElo "1962"]
[PlyCount "70"]
[EventDate "2025.01.16"]
[WhiteTeam "SK DOL PRI LJUBLJANI"]
[BlackTeam "SK TRZIN BUSCOTRADE"]

1. e4 g6 2. d4 Bg7 3. Nf3 d6 4. Be2 a6 5. a4 Nf6 6. O-O Nxe4 7. h3 O-O 8. Bf4
Nd7 9. Bd3 Ndf6 10. Re1 d5 11. Nbd2 Nxd2 12. Qxd2 Re8 13. Bh6 Bh8 14. Qg5 Ne4
15. Qe3 Nd6 16. g4 f6 17. Nh4 e5 18. dxe5 fxe5 19. g5 e4 20. Be2 Nf5 21. Nxf5
Bxf5 22. Qb3 Qd7 23. Rad1 c6 24. c4 d4 25. Bg4 Bxg4 26. hxg4 c5 27. Qh3 Re7 28.
f4 e3 29. Rxe3 dxe3 30. Rxd7 Rxd7 31. Kf1 Re8 32. Ke2 Rd2+ 33. Ke1 Bxb2 34. f5
Bc3 35. Kf1 e2+ 0-1

[Event "77. ljubljanska liga 2025"]
[Site "Gostovanja"]
[Date "2025.04.03"]
[Round "9.4"]
[White "Borstnik, Ales"]
[Black "Kosem, Rok"]
[Result "1-0"]
[WhiteElo "1834"]
[BlackElo "1759"]
[PlyCount "119"]
[EventDate "2025.01.16"]
[WhiteTeam "SK TRZIN BUSCOTRADE"]
[BlackTeam "SK DOL PRI LJUBLJANI"]

1. e4 c5 2. Nf3 Nc6 3. d4 cxd4 4. Nxd4 e5 5. Nb5 d6 6. N1c3 a6 7. Na3 b5 8. Nd5
Nf6 9. Bg5 Be7 10. Nxe7 Qxe7 11. Bxf6 Qxf6 12. Qd5 Bb7 13. O-O-O Rd8 14. f3 O-O
15. Kb1 Qe7 16. Qd2 Qc7 17. c3 Ne7 18. Qg5 d5 19. Bd3 dxe4 20. Bxe4 Bxe4+ 21.
fxe4 f6 22. Qg4 f5 23. exf5 Nxf5 24. Qe4 Ne7 25. Nc2 Ng6 26. g3 Rf2 27. Ne3 Re2
28. Qf3 Rdd2 29. Qa8+ Nf8 30. Rxd2 Rxd2 31. Rf1 Qd6 32. Kc1 Rxh2 33. Qd5+ Qxd5
34. Nxd5 Ng6 35. Nc7 e4 36. Nxa6 Ne5 37. Nc5 Nd3+ 38. Nxd3 exd3 39. Rd1 Rc2+
40. Kb1 Rg2 41. Rxd3 Kf7 42. b3 Ke6 43. a4 bxa4 44. bxa4 Ke5 45. a5 Ke6 46. c4
Rf2 47. a6 Rf7 48. Kc2 g5 49. Rb3 Ra7 50. Ra3 h5 51. Kd3 h4 52. gxh4 gxh4 53.
Ke4 Kd6 54. Kd4 Kc7 55. Kc5 h3 56. Kb5 h2 57. Rh3 Ra8 58. Rh7+ Kc8 59. Rxh2
Rb8+ 60. Kc6 1-0

[Event "77. ljubljanska liga 2025"]
[Site "Gostovanja"]
[Date "2025.04.03"]
[Round "9.6"]
[White "Suhadolnik, Jernej"]
[Black "Ivanec, Dezider"]
[Result "0-1"]
[WhiteElo "1893"]
[BlackElo "2056"]
[PlyCount "70"]
[EventDate "2025.01.16"]
[WhiteTeam "SK TRZIN"]
[BlackTeam "DRUSTVO KPSRD KAREL JERAJ"]

1. g4 d5 2. Bg2 e5 3. e3 c6 4. b3 Be6 5. a4 Nd7 6. d3 Bb4+ 7. c3 Bd6 8. c4 Ne7
9. Nc3 Bb4 10. Bd2 Nc5 11. cxd5 cxd5 12. d4 Nd3+ 13. Kf1 Bxc3 14. Bxc3 e4 15.
h4 Rc8 16. Bd2 O-O 17. f4 f5 18. g5 Qb6 19. Ne2 Rc6 20. Kg1 Rfc8 21. Bf1 Rc2
22. Rb1 a5 23. Rh2 Bd7 24. Ng3 Nb2 25. Bxa5 Nxd1 26. Bxb6 Rxh2 27. Kxh2 Rc2+
28. Ne2 Nxe3 29. Kg1 Ng6 30. h5 Nh4 31. Kf2 Nxf1 32. Kxf1 Be8 33. h6 Bh5 34.
Ng3 Bg4 35. b4 Nf3 0-1

[Event "77. ljubljanska liga 2025"]
[Site "Gostovanja"]
[Date "2025.04.03"]
[Round "9.6"]
[White "Stimec, Marjan"]
[Black "Lanjscek, Miha"]
[Result "1-0"]
[WhiteElo "1853"]
[BlackElo "1836"]
[PlyCount "131"]
[EventDate "2025.01.16"]
[WhiteTeam "DRUSTVO KPSRD KAREL JERAJ"]
[BlackTeam "SK TRZIN"]

1. c4 c5 2. Nc3 Nf6 3. g3 d5 4. cxd5 Nxd5 5. Bg2 e6 6. Nf3 Nc6 7. O-O Be7 8. d3
O-O 9. a3 Nf6 10. Nd2 Bd7 11. Nce4 Rc8 12. Rb1 Nxe4 13. Nxe4 f5 14. Nc3 b6 15.
e3 e5 16. Nd5 Bd6 17. f4 Ne7 18. fxe5 Bxe5 19. d4 Bb8 20. e4 Nxd5 21. exd5 Bd6
22. Be3 Qc7 23. Kh1 f4 24. gxf4 Bxf4 25. Bxf4 Rxf4 26. Rxf4 Qxf4 27. dxc5 Rxc5
28. Qg1 Bb5 29. Re1 Qd6 30. Qd4 Rc4 31. Qd2 Rf4 32. b3 Bd7 33. Qe3 Rf7 34. Qg5
h6 35. Qc1 Bg4 36. Rd1 Bd7 37. a4 Rf8 38. Rf1 Rxf1+ 39. Qxf1 a5 40. Qf3 Qe5 41.
Qd1 Bg4 42. Bf3 Bxf3+ 43. Qxf3 g6 44. Kg2 Kg7 45. Qd3 Qd6 46. Qd4+ Kf7 47. Qe4
Kf6 48. Qd4+ Kf5 49. Kf3 Qxh2 50. Qe4+ Kg5 51. Qg4+ Kf6 52. Qe6+ Kg5 53. d6
Qh1+ 54. Ke2 Qg2+ 55. Kd3 Qf3+ 56. Kd4 Qd1+ 57. Kc4 Qf1+ 58. Kd5 Qf3+ 59. Kd4
Qd1+ 60. Ke5 Qe2+ 61. Kd5 Qf3+ 62. Qe4 Qxb3+ 63. Kc6 Qc3+ 64. Kb7 b5 65. axb5
Qc5 66. Qc6 1-0

[Event "77. ljubljanska liga 2025"]
[Site "Gostovanja"]
[Date "2025.04.03"]
[Round "9.6"]
[White "Konvalinka, Kostja"]
[Black "Mlacnik, Janez"]
[Result "0-1"]
[WhiteElo "1743"]
[BlackElo "1885"]
[PlyCount "84"]
[EventDate "2025.01.16"]
[WhiteTeam "SK TRZIN"]
[BlackTeam "DRUSTVO KPSRD KAREL JERAJ"]

1. e4 c5 2. Nf3 Nc6 3. d4 cxd4 4. Nxd4 Nf6 5. Nc3 e5 6. Nf3 Bb4 7. Bg5 Bxc3+ 8.
bxc3 Qa5 9. Bd3 Qxc3+ 10. Bd2 Qc5 11. O-O O-O 12. h3 d5 13. exd5 Qxd5 14. Qe2
e4 15. Bc4 exf3 16. gxf3 Qh5 17. f4 Qxh3 18. Qe3 Qxe3 19. Bxe3 Bf5 20. Bb3 Nb4
21. Bc5 Nxc2 22. Bxc2 Bxc2 23. Bxf8 Kxf8 24. Rac1 Rc8 25. Rfd1 Rc6 26. Rd8+ Ke7
27. Rb8 Rc7 28. Rxc2 Rxc2 29. Rxb7+ Ke6 30. Rxa7 Ne4 31. a4 Ra2 32. f3 Nc5 33.
a5 h5 34. Ra8 Kf5 35. Rd8 Kxf4 36. Rd5 Rxa5 37. Rxh5 g5 38. Kf2 Ra2+ 39. Ke1
Ke3 40. Kf1 Ne6 41. Rh6 Nf4 42. Rf6 Ra1# 0-1

[Event "77. ljubljanska liga 2025"]
[Site "Gostovanja"]
[Date "2025.04.03"]
[Round "9.6"]
[White "Vertacnik, Viktor"]
[Black "Banko, Franci"]
[Result "1-0"]
[WhiteElo "1723"]
[BlackElo "1636"]
[PlyCount "101"]
[EventDate "2025.01.16"]
[WhiteTeam "DRUSTVO KPSRD KAREL JERAJ"]
[BlackTeam "SK TRZIN"]

1. e4 c5 2. c3 Nc6 3. Nf3 e5 4. Bc4 Nf6 5. d3 d5 6. exd5 Nxd5 7. O-O Be7 8. Re1
Bg4 9. h3 Bxf3 10. Qxf3 Nf6 11. Nd2 Qc7 12. Ne4 O-O-O 13. Bxf7 Rhf8 14. Be6+
Kb8 15. Qe2 h6 16. Be3 Nxe4 17. dxe4 Rf6 18. Bg4 Rdd6 19. Bxc5 Rd8 20. Bxe7
Qxe7 21. Rad1 Rfd6 22. Rxd6 Rxd6 23. Rd1 Qd8 24. Rxd6 Qxd6 25. Qd1 Qxd1+ 26.
Bxd1 g5 27. Kh2 a5 28. Kg3 Ne7 29. Kg4 Kc7 30. Kh5 Ng8 31. Kg6 b5 32. Kg7 Ne7
33. Kxh6 b4 34. Kxg5 bxc3 35. bxc3 Kd6 36. h4 Nc8 37. h5 Ke7 38. h6 Kf8 39. Bb3
Ne7 40. Kf6 Ng8+ 41. Bxg8 Kxg8 42. g4 a4 43. Kxe5 Kh7 44. g5 a3 45. f4 Kg6 46.
f5+ Kh7 47. Kf6 Kh8 48. Kf7 Kh7 49. g6+ Kh8 50. g7+ Kh7 51. g8=Q+ 1-0

[Event "77. ljubljanska liga 2025"]
[Site "Gostovanja"]
[Date "2025.04.03"]
[Round "9.7"]
[White "Babarovic, Fran"]
[Black "Stanic, Simon"]
[Result "1-0"]
[WhiteElo "1788"]
[BlackElo "1973"]
[PlyCount "67"]
[EventDate "2025.01.16"]
[WhiteTeam "SK KOMENDA POGI"]
[BlackTeam "SK LOSKA DOLINA"]

1. e4 e5 2. Nf3 d6 3. Bc4 Be7 4. O-O Nf6 5. Re1 Bg4 6. h3 Bh5 7. d3 O-O 8. Nbd2
Nc6 9. c3 Na5 10. Bb5 a6 11. Ba4 b5 12. Bc2 c5 13. Nf1 Nc6 14. Ng3 Bg6 15. Nh4
b4 16. Nhf5 Ra7 17. Ba4 Rc7 18. Bxc6 Rxc6 19. cxb4 cxb4 20. Qa4 Rb6 21. Be3 Rb8
22. Qxa6 d5 23. Rec1 dxe4 24. Nxe7+ Qxe7 25. Bc5 Qd7 26. Bxf8 Kxf8 27. Nxe4
Nxe4 28. dxe4 Bxe4 29. Rd1 Qe7 30. Rac1 g6 31. Qd6 Qxd6 32. Rxd6 Ke7 33. Ra6
Rb7 34. Re1 1-0

[Event "77. ljubljanska liga 2025"]
[Site "Gostovanja"]
[Date "2025.04.03"]
[Round "9.7"]
[White "Mulec, Dejan"]
[Black "Macek, Inti"]
[Result "0-1"]
[WhiteElo "1705"]
[BlackElo "1697"]
[PlyCount "74"]
[EventDate "2025.01.16"]
[WhiteTeam "SK LOSKA DOLINA"]
[BlackTeam "SK KOMENDA POGI"]

1. d4 d5 2. Nf3 Nf6 3. e3 e6 4. Bd3 Nbd7 5. Nbd2 Bd6 6. b3 O-O 7. Bb2 Re8 8.
Ne5 c5 9. O-O b6 10. f4 Bb7 11. Qf3 Qc7 12. Nxd7 Qxd7 13. dxc5 d4 14. Qh3 Bxc5
15. b4 Bxb4 16. Nf3 Bc3 17. Ne5 Qc7 18. Bxc3 dxc3 19. Rad1 Red8 20. g4 Ne4 21.
g5 Qe7 22. Qg4 f5 23. gxf6 Qxf6 24. Rf3 Qf5 25. Qh4 Rd5 26. Rdf1 Qf6 27. Qh3
Rxd3 28. cxd3 Nd2 29. Rg3 Nxf1 30. Qxf1 Qd8 31. Qh3 Qd5 32. Kf2 Qxa2+ 33. Kf1
c2 34. Rxg7+ Kxg7 35. Qg4+ Kf8 36. Nd7+ Ke7 37. Qg7+ Kd8 0-1

[Event "77. ljubljanska liga 2025"]
[Site "Gostovanja"]
[Date "2025.04.03"]
[Round "9.7"]
[White "Hribar, Izak"]
[Black "Soba, Franc"]
[Result "1/2-1/2"]
[WhiteElo "1761"]
[BlackElo "1495"]
[PlyCount "70"]
[EventDate "2025.01.16"]
[WhiteTeam "SK KOMENDA POGI"]
[BlackTeam "SK LOSKA DOLINA"]

1. e4 c6 2. d4 d5 3. exd5 cxd5 4. Bd3 Nc6 5. c3 Nf6 6. Bf4 Bg4 7. Nf3 e6 8.
Nbd2 Bd6 9. Bxd6 Qxd6 10. h3 Bh5 11. Qc2 Bg6 12. O-O Bxd3 13. Qxd3 O-O 14. Rfe1
h6 15. Ne5 Rac8 16. f4 Nd7 17. Qg3 Ndxe5 18. fxe5 Qc7 19. Rf1 f6 20. Nf3 fxe5
21. Nxe5 Nxe5 22. Qxe5 Qxe5 23. dxe5 Rxf1+ 24. Rxf1 Rc4 25. Re1 Rf4 26. g3 Rf5
27. Kg2 g5 28. Re3 h5 29. b4 b5 30. a3 Kg7 31. Re2 Kg6 32. Re1 Kh6 33. Re2 Kg6
34. Re1 Kh6 35. Re2 Kg6 1/2-1/2

[Event "77. ljubljanska liga 2025"]
[Site "Gostovanja"]
[Date "2025.04.03"]
[Round "9.8"]
[White "Sajovic, Marko"]
[Black "Medvesek, Janez"]
[Result "1/2-1/2"]
[WhiteElo "2054"]
[BlackElo "1940"]
[PlyCount "82"]
[EventDate "2025.01.16"]
[WhiteTeam "SK MEDVODE"]
[BlackTeam "SK VISNJA GORA - STICNA"]

1. e4 c6 2. d4 d5 3. exd5 cxd5 4. c3 Nc6 5. Bd3 Nf6 6. Nf3 Bg4 7. Bf4 e6 8.
Nbd2 Bd6 9. Bg5 Be7 10. Qc2 Bh5 11. Ne5 Nxe5 12. dxe5 Nd7 13. Bxe7 Qxe7 14. f4
Bg6 15. O-O Bxd3 16. Qxd3 O-O 17. Kh1 a6 18. c4 Nc5 19. Qd4 Rad8 20. b4 dxc4
21. Qxc4 Rxd2 22. bxc5 Rc8 23. Qb4 Rd5 24. Rab1 Rc7 25. c6 Qxb4 26. Rxb4 b5 27.
Rc1 Rxc6 28. Rcb1 Rdc5 29. h3 Rc1+ 30. Kh2 Rxb1 31. Rxb1 Rb6 32. Kg3 Kf8 33.
Kf3 Ke7 34. Ke4 Kd7 35. g4 a5 36. f5 b4 37. Kd4 a4 38. Kc5 Rc6+ 39. Kd4 b3 40.
axb3 Rb6 41. b4 a3 1/2-1/2

[Event "77. ljubljanska liga 2025"]
[Site "Gostovanja"]
[Date "2025.04.03"]
[Round "9.8"]
[White "Jancigaj, Saso Valentin"]
[Black "Porenta, Matija"]
[Result "0-1"]
[WhiteElo "1786"]
[BlackElo "1841"]
[PlyCount "80"]
[EventDate "2025.01.16"]
[WhiteTeam "SK VISNJA GORA - STICNA"]
[BlackTeam "SK MEDVODE"]

1. f4 d5 2. Nf3 Nf6 3. d4 g6 4. e3 Bg7 5. Bd3 Nbd7 6. Nbd2 c5 7. c3 b6 8. O-O
Bb7 9. b3 O-O 10. Qe1 Ne4 11. Bxe4 dxe4 12. Ne5 f5 13. Bb2 cxd4 14. exd4 e6 15.
Nxd7 Qxd7 16. Qe3 Rfd8 17. Rfe1 Rac8 18. Nc4 Qc7 19. Ne5 Bxe5 20. fxe5 Qe7 21.
a4 Kg7 22. g3 h5 23. h4 Rd7 24. Re2 g5 25. Ba3 Qd8 26. Bd6 Kg6 27. c4 Rf7 28.
Rf1 a6 29. c5 bxc5 30. Bxc5 gxh4 31. gxh4 Kh7 32. Rf4 Rg7+ 33. Rg2 Rcc7 34. b4
Qg8 35. Rff2 Rg4 36. Rxg4 Qxg4+ 37. Rg2 Qxh4 38. Rh2 Rg7+ 39. Kh1 Qg4 40. Rc2
f4 0-1

[Event "77. ljubljanska liga 2025"]
[Site "Gostovanja"]
[Date "2025.04.03"]
[Round "9.8"]
[White "Jese, Janez"]
[Black "Ivanjko, Zan"]
[Result "1-0"]
[WhiteElo "1798"]
[BlackElo "1755"]
[PlyCount "71"]
[EventDate "2025.01.16"]
[WhiteTeam "SK MEDVODE"]
[BlackTeam "SK VISNJA GORA - STICNA"]

1. e4 e6 2. Nf3 b6 3. d4 Bb7 4. Bd3 Nf6 5. e5 Nd5 6. a3 c5 7. c4 Nc7 8. Be3
cxd4 9. Bxd4 Nc6 10. Be3 Be7 11. Nc3 h6 12. Qd2 d6 13. exd6 Qxd6 14. Ne4 Qd8
15. O-O-O Na5 16. Qc3 O-O 17. h4 Rc8 18. Bc2 Nd5 19. Qd3 Rxc4 20. Kb1 f5 21.
Ned2 Rc7 22. g4 Qc8 23. gxf5 Nxe3 24. fxe3 Rd8 25. Nd4 Rxc2 26. Qxc2 Qxc2+ 27.
Kxc2 Bxh1 28. Rxh1 exf5 29. Nxf5 Bf6 30. Ne4 Be5 31. b4 Nc4 32. Kb3 Nd2+ 33.
Nxd2 Rxd2 34. a4 Rf2 35. Ne7+ Kf8 36. Ng6+ 1-0

[Event "77. ljubljanska liga 2025"]
[Site "Gostovanja"]
[Date "2025.04.03"]
[Round "9.8"]
[White "Zunic, Bostjan"]
[Black "Arcon, Roman"]
[Result "0-1"]
[WhiteElo "1645"]
[BlackElo "1706"]
[PlyCount "78"]
[EventDate "2025.01.16"]
[WhiteTeam "SK VISNJA GORA - STICNA"]
[BlackTeam "SK MEDVODE"]

1. e4 d5 2. e5 Bf5 3. d4 e6 4. Nf3 c5 5. Bb5+ Nc6 6. c3 Qb6 7. a4 a6 8. a5 Qc7
9. Ba4 Bxb1 10. Rxb1 Qxa5 11. Bxc6+ bxc6 12. O-O c4 13. Bg5 Be7 14. Ra1 Qc7 15.
h3 h6 16. Bh4 Bxh4 17. Nxh4 Ne7 18. f4 Ng6 19. Nxg6 fxg6 20. Qg4 Qf7 21. Qd1
O-O 22. Qa4 Qb7 23. Qc2 Kh7 24. Qe2 Rab8 25. Rab1 Qe7 26. Qc2 Qh4 27. Qa4 Rb6
28. b4 cxb3 29. Rxb3 Rxb3 30. Qxb3 Rxf4 31. Rxf4 Qxf4 32. Qb6 Qe3+ 33. Kh2 Qxc3
34. Qxa6 Qxd4 35. Qxc6 Qxe5+ 36. Kg1 d4 37. h4 d3 38. Qf3 d2 39. h5 Qe1+ 0-1